00305 a2200109 4500001001000000005001700010008004100027245003700068100002300105773005000128999001700178ART_3131920260410161840.0260409a 10aSobre el silencio administrativo1 aGusman, Alfredo S.0 tRAPg- Año 37, Nº 436 (ene. 2015)wREV5941 c24052d24052